|
|
|
|
| LEADER |
00953nam a2200277 4500 |
| 001 |
707 |
| 003 |
BD-DhAAL |
| 005 |
20151003145022.0 |
| 008 |
151003s1971 nyu b 001 0 eng |
| 010 |
|
|
|a 71131432
|
| 020 |
|
|
|a 0390031011
|
| 040 |
|
|
|a DLC
|c DLC
|d DLC
|d BD-DhAAL
|
| 050 |
0 |
0 |
|a HT151
|b .A597
|
| 082 |
0 |
0 |
|a 301.3/6
|
| 100 |
1 |
|
|a Anderson, Nels,
|d 1889-1986.
|9 15049
|
| 245 |
1 |
4 |
|a The industrial urban community;
|b historical and comparative perspectives.
|
| 260 |
|
|
|a New York,
|b Appleton-Century-Crofts
|c [1971]
|
| 300 |
|
|
|a xii, 438 p.
|c 24 cm.
|
| 504 |
|
|
|a Includes bibliographical references.
|
| 541 |
|
|
|e 707
|
| 650 |
|
0 |
|a Cities and towns.
|9 15050
|
| 650 |
|
0 |
|a Urbanization.
|9 10886
|
| 650 |
|
0 |
|a Sociology, Urban.
|9 15051
|
| 942 |
|
|
|2 ddc
|c BK
|
| 999 |
|
|
|c 35662
|d 35662
|
| 952 |
|
|
|0 0
|1 0
|2 ddc
|4 0
|6 301_300000000000000_6_AND
|7 0
|9 56079
|a SCL
|b SCL
|c GEN
|d 2015-10-03
|e Gift: The Asia Foundation
|l 0
|o 301.36 AND
|p 3020000707
|r 2015-10-03
|t 1
|w 2015-10-03
|y BK
|